00000000nam##2200000za#4500
0019.615931
003CaOODSP
00520221005083701
007ta
008150406|2002||||xxc|||||     f|0| 0 eng|d
020 |a0-662-31921-4
040 |aCaOODSP|beng
043 |an-cn---
0861 |aH113-5/2002-2E
1101 |aCanada. |bPest Management Regulatory Agency.
24510|aUpdate on the special review of lindane and the status of lindane registrations
260 |aOttawa - Ontario : |bHealth Canada. |c2002.
300 |a3p. ; |c28 cm.
4901 |aRe-evaluation note |vREV 2002-02
563 |aSoftcover
590 |a02-19|b2002-05-10
69007|aAssessment|2gcpds
69007|aPesticides|2gcpds
69007|aBooklets|2gcpds
77508|tLe point sur l'examen spécial du lindane et du statut de l'homologation du lindane |w(CaOODSP)9.625906
7760#|tUpdate on the special review of lindane and the status of lindane registrations |w(CaOODSP)9.558110
830#0|aRe-evaluation note (Canada. Pest Management Regulatory Agency)|vREV 2002-02|w(CaOODSP)9.514700